MDQL
is popping MORE tags! Check the
thread
!
Quizzes
Events
Quiz Creation
Community
Videos
Private Events
Remove Ads
Sign In
Join for FREE
Feedback
Dark Mode
Quiz Categories
Sports
Geography
Music
Movies
Television
Just For Fun
Miscellaneous
History
Literature
Language
Science
Gaming
Entertainment
Religion
Holiday
For Kids
Quiz Lab
Recent
Popular Today
Quiz Kudos Today
Editor Picks
Curator Picks
Quizzes by...
Day
Popularity
Type
Ratings
Length
Year
Community
Subscriptions
Recent Discussions
Orange Saloon
Badges
Playlists
Quests
Create
Leaderboards
Showdown
Live 5
Trivia Bingo
Activity
Puzzle Library
Sporcle Events
Private Events
Virtual Trivia
Globe League
Become a Host
Pub Owners
SporcleCon
Opinionation
Our Games
Videos
Blog
Mobile Apps
Partnerships
Remove Ads and Go Orange
Feedback
Sports
Athletes
MLB
NBA
NHL
NFL
Soccer
Sports Teams
WWE
NCAA
Football
Premier League
Basketball
Baseball
Hockey
Golf
Tennis
Cricket
Rugby
Auto Racing
Olympics
World Cup
Sports
Athletes
MLB
NBA
NHL
NFL
Soccer
Sports Teams
WWE
NCAA
Football
Premier League
Basketball
Baseball
Hockey
Golf
Tennis
Cricket
Rugby
Auto Racing
Olympics
World Cup
Random Quiz
Search Sporcle
×
Quiz Lab
Quiz Lab
Sports
WWE
Type in answers that appear in a list
Type in answers that appear in a list
Classic
Best Score? Go Orange.
WWE Raw 1993 Main Events Stats
Can you name the WWE Raw 1993 Main Events?
By
SporcleEXP
10m
108 Questions
523 Plays
523 Plays
523 Plays
Comments
Comments
Give Quiz Kudos
Give Quiz Kudos
-
- Ratings
hide this ad
Replay
Link that replays current quiz
Next Quiz
Link to next quiz in quiz playlist
You Got
0%
They Got
Avg Score
50%
Avg Friend Score
Upgrade to see
Score Distribution
Jump to the score distribution portion of the page
Score
0/108
Timer
10:00
0
Plays Today
Date
Wrestler
% Correct
January 11, 1993
The Undertaker
95.4%
February 22, 1993
The Undertaker
95.4%
May 10, 1993
Shawn Michaels
94.8%
May 17, 1993
Shawn Michaels
94.8%
December 13, 1993
Bret Hart
93.9%
May 31, 1993
Razor Ramon
89.8%
June 21, 1993
Razor Ramon
89.8%
December 27, 1993
Razor Ramon
89.8%
September 6, 1993
Yokozuna
87.7%
February 15, 1993
Ted DiBiase
85.2%
January 18, 1993
Ric Flair
83.9%
January 25, 1993
Ric Flair
83.9%
January 25, 1993
Mr Perfect
83.1%
July 5, 1993
Mr Perfect
83.1%
August 2, 1993
Mr Perfect
83.1%
October 25, 1993
Diesel
82.3%
November 15, 1993
Diesel
82.3%
February 1, 1993
Lex Luger
80.6%
May 17, 1993
Marty Jannetty
80.6%
June 7, 1993
IRS
79.5%
September 20, 1993
IRS
79.5%
June 21, 1993
The 123 Kid
76%
July 19, 1993
The 123 Kid
76%
September 27, 1993
The 123 Kid
76%
June 28, 1993
Crush
75.8%
December 6, 1993
Crush
75.8%
March 15, 1993
Doink
72.7%
July 26, 1993
Doink
72.7%
September 13, 1993
Doink
72.7%
October 4, 1993
Doink
72.7%
March 1, 1993
Rick Steiner
72.4%
March 1, 1993
Scott Steiner
72.4%
March 22, 1993
Rick Steiner
72.4%
March 22, 1993
Scott Steiner
72.4%
June 7, 1993
Rick Steiner
72.4%
April 19, 1993
Bam Bam Bigelow
70.8%
Date
Wrestler
% Correct
August 16, 1993
Bam Bam Bigelow
70.8%
October 18, 1993
Bam Bam Bigelow
70.8%
April 5, 1993
Jerry Lawler
65.6%
June 14, 1993
Jerry Lawler
65.6%
January 11, 1993
Damien Demento
64.9%
March 8, 1993
Fatu
64.9%
June 7, 1993
Fatu
64.9%
December 20, 1993
Fatu
64.9%
March 8, 1993
Samu
62.4%
December 20, 1993
Samu
62.4%
June 7, 1993
Billy Gunn
59.7%
November 8, 1993
Bob Backlund
57.6%
January 18, 1993
El Matador
57%
February 15, 1993
Brutus Beefcake
56%
May 10, 1993
Jim Duggan
54.7%
April 26, 1993
Typhoon
47.2%
September 27, 1993
Jacques Rougeau
46.4%
September 27, 1993
Pierre
46.4%
November 1, 1993
Virgil
46.3%
May 24, 1993
Adam Bomb
45.9%
July 12, 1993
Adam Bomb
45.9%
November 1, 1993
Adam Bomb
45.9%
March 15, 1993
Kamala
44.5%
May 3, 1993
Kamala
44.5%
November 29, 1993
Ludvig Borga
44.3%
March 8, 1993
Brian Knobbs
43.8%
March 8, 1993
Jerry Sags
43.8%
June 28, 1993
Bastion Booger
40.1%
September 6, 1993
Barry Horowitz
37.8%
September 27, 1993
Barry Horowitz
37.8%
November 8, 1993
Barry Horowitz
37.8%
March 1, 1993
Barry Hardy
37%
March 22, 1993
Barry Hardy
37%
October 11, 1993
Barry Hardy
37%
November 29, 1993
Scott Taylor
35.5%
February 22, 1993
Skinner
34.7%
Date
Wrestler
% Correct
March 1, 1993
Duane Gill
34.7%
March 22, 1993
Duane Gill
34.7%
October 11, 1993
Duane Gill
34.7%
August 9, 1993
Tom Prichard
33.2%
December 13, 1993
Brooklyn Brawler
33.2%
August 9, 1993
Jimmy Del Ray
30.3%
April 5, 1993
Jim Powers
25.9%
September 20, 1993
PJ Walker
25%
February 1, 1993
Jason Knight
22.3%
April 12, 1993
Friar Ferguson
21.1%
October 11, 1993
Ricky Morton
20.3%
May 31, 1993
Tony Roy
20%
December 6, 1993
Tony Roy
20%
October 11, 1993
Robert Gibson
19.6%
April 19, 1993
Phil Apollo
18.8%
May 24, 1993
Phil Apollo
18.8%
July 26, 1993
Phil Apollo
18.8%
December 20, 1993
Phil Apollo
18.8%
May 3, 1993
Rich Myers
18.6%
June 14, 1993
Mark Thomas
18.6%
August 2, 1993
Rich Myers
18.6%
August 16, 1993
Rich Myers
18.6%
September 13, 1993
Rich Myers
18.6%
August 9, 1993
Bobby Who
18.4%
April 26, 1993
Skull Von Krush
17.9%
April 12, 1993
Chris Duffy
17.7%
July 19, 1993
Chris Duffy
17.7%
July 5, 1993
Brian Costello
17.3%
October 4, 1993
Corey Student
17.3%
December 27, 1993
Derrick Domino
16.5%
October 18, 1993
Dennis Diamond
16.3%
December 20, 1993
Jerry Seavy
16.3%
August 9, 1993
Mike Bucci
15.9%
October 25, 1993
Dan Dubiel
15.7%
November 15, 1993
Sid Garrison
15.7%
July 12, 1993
Scott Amati
15.4%
Quiz Playlist
Details
Report
Send in Message
Add To Playlist
Classic:
Type in answers that appear in a list
Last Updated: Feb 16, 2017
Quiz Scoreboard
CHALLENGE
Sign Up to Join the Scoreboard
Show All
Scores
Hide
Comments
May contain spoilers
Recently Published
Colored Red Africa Blitz
by spor1
Geography
30s
Find the 'City' Movie
by crazypaving
Movies
60s
5x2 Blitz: Bands
by SL_Kpop136
Music
30s
More to Explore
Quiz From the Vault
Featured Blog Post
14 Easter Pick-up Lines to Find Eggs With
hide this ad
You Might Also Like...
Tags
WWE Quiz
1993
Event
Matching
Raw
Wrestlers
Today's Top Quizzes in Sports
Browse Sports
hide this ad
Today's Top Quizzes in WWE
Browse WWE
Top Contributed Quizzes in Sports
1
Les entraîneurs de l'OM et du PSG au 21e siècle
2
Les meilleurs buteurs des matchs entre le PSG et l’OM
3
Players with Multiple 50 Home Run Seasons
4
2022 World Cup Stars
5
Les joueurs passés par le PSG et l'OM
6
NBA Logic Puzzle 2.0
7
Criteria MLB: Left Handed Sluggers
8
MLB Players with Two .350 Batting Average Seasons
9
Top 10 NHL Goal Scorers of All Time
10
Who Hit More Homers?
Explore More
Trending Topics
NBA
Marvel
Crossword
Anime
Kpop
Harry Potter
Disney
Pokémon
Soccer
Song
Country
NFL
Puzzle
WWE
The Office
hide this ad
More By:
SporcleEXP
Quiz
Plays
Rating
Category
Featured
Created
Harry Potter Deaths in Order Minefield
3,068,765
4.18
Literature
Jan 27, 2016
Sins, Dwarfs, and Spice Girls
847,321
4.42
Just For Fun
Apr 11, 2012
Ancient History Bunker
708,284
4.28
History
Jan 20, 2014
Movie Posters VI
679,084
4.37
Movies
Nov 12, 2010
Movie Posters VII
621,906
4.44
Movies
Apr 16, 2011
Go to Creator's Profile
Score Distribution
Quiz Creator Spotlight
SporcleEXP
Follow
Send a Message
Quizzes Created
-
Created Quiz Play Count
-
More By This Creator
Popular Quizzes Today
1
Colored Red Africa Blitz
2
Find the 'City' Movie
3
5x2 Blitz: Bands
4
Find the US States - No Outlines Minefield
5
The Countries of the World
6
Find the US States
7
US States
8
Find the Countries of Europe - No Outlines Minefield
More Sports Quizzes
F1 World Championship 1985
Quiz Lab
Trending Quizzes
Colored Red Europe Blitz I
Colored Red Africa Blitz II
Colored Red Europe Blitz II
Colored Red Africa Blitz III
Colored Red Europe Blitz III
Recently Updated
How Do You Spell That?
pecheneg
Godzilla Movies
pecheneg
Grab Bag: 4-10 Letters
pecheneg
2024 March Madness Bracket
pecheneg
Famous TV Couples
Peacemaker
Champions League XIs: Real Madrid
pecheneg
Largest US Cities 1790-2010
pecheneg
Rides in Walt Disney World
pecheneg
Most Oscar Losses (Acting)
pecheneg
Beyoncé Albums
pecheneg
Trending Topics
Crossword
Harry Potter
Marvel
NBA
Disney
Kpop
Anime
Soccer
Song
WWE
The Office
Pokémon
Puzzle
Country
NFL
Your Account Isn't Verified!
In order to create a playlist on Sporcle, you need to verify the email address you used during registration. Go to your
Sporcle Settings
to finish the process.
Report this User
Report this user for behavior that violates our
Community Guidelines
.
Details:
Send Report
Go to the Sporcle.com Mobile Site →
Comments